Strengthening of concrete Structures using fiber reinforced polymers ( FRP):Design, Construction and Practical Applications (Record no. 76893)
[ view plain ]
| 000 -LEADER | |
|---|---|
| fixed length control field | 01058nam a2200181 a 4500 |
| 008 - FIXED-LENGTH DATA ELEMENTS--GENERAL INFORMATION | |
| fixed length control field | 211119s2017 ||||||||||||||||| || u |
| 020 ## - INTERNATIONAL STANDARD BOOK NUMBER | |
| International Standard Book Number | 9780081006368 |
| 050 ## - LIBRARY OF CONGRESS CALL NUMBER | |
| Classification number | TA 443.P58 Wu |
| 100 ## - MAIN ENTRY--PERSONAL NAME | |
| Personal name | Eamon, Christopher D |
| 245 10 - TITLE STATEMENT | |
| Title | Strengthening of concrete Structures using fiber reinforced polymers ( FRP):Design, Construction and Practical Applications |
| Statement of responsibility, etc. | By Hwai-Chung Wu; Christopher D. Eamon |
| 260 ## - PUBLICATION, DISTRIBUTION, ETC. | |
| Place of publication, distribution, etc. | United Kingdom |
| Date of publication, distribution, etc. | 2017 |
| 300 ## - PHYSICAL DESCRIPTION | |
| Extent | Vi, 332 Pages : illustration |
| 650 ## - SUBJECT ADDED ENTRY--TOPICAL TERM | |
| Topical term or geographic name entry element | POLYMER--IMPREGNATED CONCRETE |
| 700 ## - ADDED ENTRY--PERSONAL NAME | |
| Personal name | Wu, Hwai-Chung |
| 995 ## - | |
| -- | MAIN LIBRARY OPEN ACCESS |
| -- | 751151 |
| -- | CBU-MAIN LIBRARY (Kitwe) |
| -- | 161.99 |
| -- | TA 443.P58 Wu |
| -- | 1 |
| -- | AVAILABLE |
| -- | Nov 19, 2021 |
| -- | 751151 |
| -- | Main Library Open Access Collection |
| 995 ## - | |
| -- | MAIN LIBRARY OPEN ACCESS |
| -- | 751152 |
| -- | CBU-MAIN LIBRARY (Kitwe) |
| -- | 161.99 |
| -- | TA 443.P58 Wu |
| -- | 2 |
| -- | AVAILABLE |
| -- | Nov 19, 2021 |
| -- | 751152 |
| -- | Main Library Open Access Collection |
| 995 ## - | |
| -- | MAIN LIBRARY OPEN ACCESS |
| -- | 751153 |
| -- | CBU-MAIN LIBRARY (Kitwe) |
| -- | 161.99 |
| -- | TA 443.P58 Wu |
| -- | 3 |
| -- | AVAILABLE |
| -- | Nov 19, 2021 |
| -- | 751153 |
| -- | Main Library Open Access Collection |
| 999 ## - | |
| -- | 76893 |
| -- | 76893 |
| Withdrawn status | Lost status | Source of classification or shelving scheme | Damaged status | Not for loan | Permanent Location | Current Location | Shelving location | Date acquired | Total Checkouts | Full call number | Barcode | Date last seen | Copy number | Price effective from | Koha item type |
|---|---|---|---|---|---|---|---|---|---|---|---|---|---|---|---|
| CBU-MAIN LIBRARY, KITWE. | CBU-MAIN LIBRARY, KITWE. | 04/25/2023 | TA 443.P58 Wu | 751151 | 04/25/2023 | 1 | 04/25/2023 | MONOGRAPH | |||||||
| CBU-MAIN LIBRARY, KITWE. | CBU-MAIN LIBRARY, KITWE. | 04/25/2023 | TA 443.P58 Wu | 751152 | 04/25/2023 | 2 | 04/25/2023 | MONOGRAPH | |||||||
| CBU-MAIN LIBRARY, KITWE. | CBU-MAIN LIBRARY, KITWE. | 04/25/2023 | TA 443.P58 Wu | 751153 | 04/25/2023 | 3 | 04/25/2023 | MONOGRAPH |